000 01787cam a22004934i 4500
003 PE-LiUPU
005 20250731184606.0
008 150616s r 000 0 d
035 _a(Sirsi) a7686
040 _aPE-LiUPU
_bspa
_cPE-LiUPU
_erda
049 _aPRUA
082 0 4 _a985
_bM121
_221
100 1 _aMacera, Pablo,
_eautor.
245 1 4 _aLos Precios del Perú: XVI-XIX Fuentes.
_n1 /
_cPablo Macera.
264 1 _aLima :
_bFondo Editorial,
_c1980.
300 _a264 páginas ;
_c25 cm.
336 _atext
_2rdacontent
337 _aunmediated
_2rdamedia
338 _avolume
_2rdacarrier
505 0 _aFuentes: Lima, ciudades, zonas rurales.
526 _aP136
526 _aP135
526 _aP134
526 _aP133
526 _aP144
526 _aP143
526 _aP87
526 _aP35
526 _aP20
526 _aP14
526 _aP10
526 _aP06
651 _aPerú
_xAspectos económicos
_xHistoria
_ySiglo XVI-XIX.
910 _ajck
_bjvq
_cjck
942 _2ddc
_cBOOK
949 _a985 M12 1
_wDEWEY
_c1
_i41147
_lCCODEBUL1
_mBUL
_p00.00
_r0
_sY
_tBOOK
_u19960606
_xEDUCACION
_PP20
_0COMPRA
_o.STAFF. Colección General
949 _a985 M12 1
_wDEWEY
_c2
_i46965
_lCCODEBUL1
_mBUL
_p00.00
_r0
_sY
_tBOOK
_u19960606
_xEDUCACION
_PP20
_0COMPRA
_o.STAFF. Colección General
994 _aC0
_bPEPRU
596 _a1
999 _a985 M12 1
_wDEWEY
_c58956
_i41147
_f2021-11-8
_g5
_lCCODEBUL1
_mBUL
_r0
_sY
_tBOOK
_u2015-6-16
_xBIBLIOTECA
_PP20
_0COMPRA
_o.STAFF. Colección General
_d58956
999 _a985 M12 1
_wDEWEY
_c2
_i46965
_f2021-11-8
_g5
_lCCODEBUL1
_mBUL
_r0
_sY
_tBOOK
_u2015-6-16
_xBIBLIOTECA
_PP20
_0COMPRA
_o.STAFF. Colección General
980 _81
_gALBERTO SANCHEZ Responsable de Automatización